La science mystérieuse des Pharaons /

محفوظ في:

المؤلف الرئيسي: Moreux, Théophile, 1867-1954.

التنسيق: كتاب

اللغة: French

منشور في: Paris : G. Doin, 1923.

الموضوعات:

الوسوم: إضافة وسم

لا توجد وسوم, كن أول من يضع وسما على هذه التسجيلة!

رقم الطلب: AZ311 .M6 1923

LEADER 00698cam a2200217I 4500
001 ocm02779330
003 OSt
005 20250914070157.0
008 770305s1923 fr abf 000 0 fre
010 |a 24001672 
040 |c ARCE Library 
043 |a f-ua--- 
050 4 |a AZ311 .M6 1923 
100 1 |a Moreux, Théophile,  |d 1867-1954. 
245 1 3 |a La science mystérieuse des Pharaons /   |c par l'abbé Th. Moreux ... avec figures dans le texte et 8 planches hors texte. 
264 4 |a Paris :   |b G. Doin,   |c 1923. 
300 |a 2 p. l., 238 p., 1 l. :   |b illus. (incl. maps) VIII pl., diagrs. ;   |c 19 cm. 
650 0 |a Science   |x History   |z Egypt. 
901 |a reviewed 
942 |2 lcc  |c BK 
999 |c 61017  |d 61017